000 00741nam a2200229Ii 4500
003 JO-AjNU
008 230605s9999||||xx |||||||||||||| ||und||
017 _a2018/9/4527
020 _a978-9957-33-669-1
040 _aJO-AjNU
_bara
_erda
_cJO-AjNU
041 _aara
050 1 4 _aQA276.12.B373.2019
100 3 _aبركات، زياد,
_eauthor
_961644
245 0 0 _aتصميم البحث واساليبه الاحصائية
250 _aط1
264 3 1 _aعمان: مؤسسة الوراق للنشر والتوزيع، 2019
300 _a445ص
336 _atext
_btxt
_2rdacontent
337 _aunmediated
_bn
_2rdamedia
338 _avolume
_bnc
_2rdacarrier
650 4 _aالبحث-اساليب البحث-الاحصاء
_961645
999 _aA27874
_c31442
_d31442